Iṣṭilāḥāt-i maʻāshīyāt. (Record no. 77314)

MARC details
000 -LEADER
fixed length control field 01017cam a22002771 4500
001 - CONTROL NUMBER
control field sa 68000592
003 - CONTROL NUMBER IDENTIFIER
control field DLC
005 - DATE AND TIME OF LATEST TRANSACTION
control field 20260227112425.0
008 - FIXED-LENGTH DATA ELEMENTS--GENERAL INFORMATION
fixed length control field 910111s1966 pk d 000 0 urdr
010 ## - LIBRARY OF CONGRESS CONTROL NUMBER
LC control number sa 68000592
025 ## - OVERSEAS ACQUISITION NUMBER
Overseas acquisition number PL480:P-U-1727
035 ## - SYSTEM CONTROL NUMBER
System control number (OCoLC)22956629
040 ## - CATALOGING SOURCE
Original cataloging agency DLC
Transcribing agency WaU
Modifying agency OCoLC
-- DLC
041 0# - LANGUAGE CODE
Language code of text/sound track or separate title urdeng
042 ## - AUTHENTICATION CODE
Authentication code premarc
050 00 - LIBRARY OF CONGRESS CALL NUMBER
Classification number HB61
Item number .P8
110 2# - MAIN ENTRY--CORPORATE NAME
Corporate name or jurisdiction name as entry element University of the Punjab.
Subordinate unit Committee for the Development of Urdu.
245 10 - TITLE STATEMENT
Title Iṣṭilāḥāt-i maʻāshīyāt.
Statement of responsibility, etc. Murattabah va shāʼiʻ kardah-i Idārah-i Taʼlīf va Tarjumah, Panjāb Yūnīvarsiṭī.
260 ## - PUBLICATION, DISTRIBUTION, ETC.
Place of publication, distribution, etc. Lāhūr,
Date of publication, distribution, etc. 1966.
300 ## - PHYSICAL DESCRIPTION
Extent 5, 321 p.
Dimensions 21 cm.
490 1# - SERIES STATEMENT
Series statement Silsilah-i Maṭbūʻāt-i Idārah-i Taʼlīf va Tarjumah, Panjāb Yūnīvarsiṭī,
Volume/sequential designation nambir 2
500 ## - GENERAL NOTE
General note English and Urdu.
650 #0 - SUBJECT ADDED ENTRY--TOPICAL TERM
Topical term or geographic name entry element Economics
Form subdivision Dictionaries.
650 #0 - SUBJECT ADDED ENTRY--TOPICAL TERM
Topical term or geographic name entry element English language
General subdivision Dictionaries
-- Urdu.
810 2# - SERIES ADDED ENTRY--CORPORATE NAME
Corporate name or jurisdiction name as entry element University of the Punjab.
Subordinate unit Committee for the Development of Unru.
Title of a work Publication ;
Volume/sequential designation no. 2.

No items available.

Powered by Koha